Imagine buildings floating like clouds (Record no. 67202)

MARC details
000 -LEADER
fixed length control field 00458nam a22001697a 4500
005 - DATE AND TIME OF LATEST TRANSACTION
control field 20260413102824.0
008 - FIXED-LENGTH DATA ELEMENTS--GENERAL INFORMATION
fixed length control field 260413b |||||||| |||| 00| 0 eng d
020 ## - INTERNATIONAL STANDARD BOOK NUMBER
International Standard Book Number 9781864709087
040 ## - CATALOGING SOURCE
Transcribing agency PK-LaNCA
082 ## - DEWEY DECIMAL CLASSIFICATION NUMBER
Classification number 724.092
Item number BEL
100 ## - MAIN ENTRY--PERSONAL NAME
Author Name Belogolovsky, Vladimir
245 ## - TITLE STATEMENT
Title Imagine buildings floating like clouds
260 ## - PUBLICATION, DISTRIBUTION, ETC.
Place of publication, distribution, etc. Images Publishing Group
Name of publisher, distributor, etc. Melbourne
Date of publication, distribution, etc. 2022
300 ## - PHYSICAL DESCRIPTION
Pages 255p.; ills
650 ## - SUBJECT ADDED ENTRY--TOPICAL TERM
Subject Architects - Interiors
942 ## - ADDED ENTRY ELEMENTS (KOHA)
Koha item type Book
999 ## -
-- 67202
-- 67202
Holdings
Withdrawn status Weedout from Library Permanent Location Current Location Shelving location Date acquired Full call number Barcode Price effective from Koha item type
    NATIONAL COLLEGE OF ARTS, LAHORE - LIBRARY NATIONAL COLLEGE OF ARTS, LAHORE - LIBRARY General Section Library Basement 13/04/2026 724.092 BEL 38153 38153 13/04/2026 Book